000 00843nam a22002537a 4500
001 BR8702372
003 BR-BrBNA
005 20230928092456.0
007 ta
008 230509b bl.||||| |||| 00| 0 por d
040 _aBR-BrBNA
_bpor
_cBiblioteca Nacional de Agricultura
041 _a(Por)
072 _aQ02; E21
_b1720
_b/G514
090 _ 1720 BR8702372
110 1 _aCentro de Apoio a Pequena e Media Empresa de Santa Catarina, Florianopolis (Brasil)
_91436
245 1 _aPerfil industrial: alho em floco e fortificante de alho [Santa Catarina, Brasil]
260 3 _aFlorianopolis, SC (Brasil):
_c1981.
300 _a32 p.
500 _a12 tables. (*) Documento disponível na(o) CEAGRI, Florianopolis, SC (Brazil)
650 _aALHO
650 _aINDUSTRIA ALIMENTICIA
909 _a202309
_bLucia
_c55
_dLucia Elande
942 _cBK
999 _c39288
_d39288